书目信息 |
| 题名: |
中药药剂学
|
|
| 作者: | 李永吉 , 李范珠 主编 | |
| 分册: | ||
| 出版信息: | 北京 人民卫生出版社 2012 |
|
| 页数: | 23,408页 | |
| 开本: | 26cm | |
| 丛书名: | ||
| 单 册: | ||
| 中图分类: | R283 | |
| 科图分类: | ||
| 主题词: | 中药制剂学--中医学院--教材 | |
| 电子资源: | ||
| ISBN: | 978-7-117-15957-9 | |
| 000 | 01037nam0 2200265 45 | |
| 001 | 1354540936 | |
| 005 | 20130510094142.14 | |
| 010 | @a978-7-117-15957-9@dCNY42.00 | |
| 100 | @a20130108d2012 em y0chiy50 ea | |
| 101 | 0 | @achi |
| 102 | @aCN@b110000 | |
| 105 | @aa z 001yy | |
| 106 | @ar | |
| 200 | 1 | @a中药药剂学@AZhong Yao Yao Ji Xue@f李范珠,李永吉主编@FLi Fan Zhu, Li Yong Ji Zhu Bian |
| 210 | @a北京@c人民卫生出版社@d2012 | |
| 215 | @a23,408页@c图@d26cm@e附光盘1片 | |
| 300 | @a卫生部“十二五”规划教材 全国高等中医药院校教材 全国高等医药教材建设研究会规划教材 供中药学专业用 | |
| 307 | @a附光盘:ISBN 978-7-89456-222-7 | |
| 330 | @a本书主要介绍了制药卫生、中药调剂、中药剂型制备的基本操作及包装贮藏,各类中药剂型的理论知识、制备工艺及质量评价以及中药制剂的稳定性、生物有效性、配伍变化以及设计等内容。 | |
| 606 | 0 | @a中药制剂学@x中医学院@j教材 |
| 690 | @aR283@v5 | |
| 701 | 0 | @a李永吉@ALi Yong Ji@4主编 |
| 701 | 0 | @a李范珠@ALi Fan Zhu@4主编 |
| 801 | @aCN@bTANGWEI@c20130109 | |
| 905 | @b0830746-48@dR283@e296@f3 | |
| 中药药剂学/李范珠,李永吉主编.-北京:人民卫生出版社,2012 |
| 23,408页:图;26cm+附光盘1片 |
| 卫生部“十二五”规划教材 全国高等中医药院校教材 全国高等医药教材建设研究会规划教材 供中药学专业用 |
| ISBN 978-7-117-15957-9:CNY42.00 |
| 本书主要介绍了制药卫生、中药调剂、中药剂型制备的基本操作及包装贮藏,各类中药剂型的理论知识、制备工艺及质量评价以及中药制剂的稳定性、生物有效性、配伍变化以及设计等内容。 |
| ● |
| 相关链接 |
|
|
|
|
正题名:中药药剂学
索取号:R283/296
 
预约/预借
| 序号 | 登录号 | 条形码 | 馆藏地/架位号 | 状态 | 备注 |
| 1 | 0830746 | 208307465 | 第二样本阅览室/ [索取号:R283/296] | 在馆 | |
| 2 | 0830747 | 208307474 | 第三借阅区/ [索取号:R283/296] | 在馆 | |
| 3 | 0830748 | 208307483 | 第三借阅区/ [索取号:R283/296] | 在馆 |